00601cam a22002057a 4500003000500000005001700005008004100022010001000063011001000073035001000083040000900093100002600102245005600128260004900184300001900233490004500252650002300297650003000320830004500350CHAP20220329140302.0971013s1972 r 00010 d a49760 a50732 a54882 cCHAP00aRock, Barrett Nelson.14aThe woods and flora of the Florida keysb: Pinnatae aWashington :bSmithsonian Institution,c1972 a35 p.b: ilus. 0aSmithsonian contributions to botanyv; 514aPlantas leñosas.14aPlantas leñosasxE.U.A.0 aSmithsonian contributions to botanyv; 5